| 000 | 01398namaa22003251i 4500 | ||
|---|---|---|---|
| 005 | 20260404123547.0 | ||
| 008 | 260304s1994 ua a|||frm||| 000 0 eng d | ||
| 040 |
_aEG-GICUC _beng _cEG-GICUC _dEG-GICUC _erda |
||
| 041 | 0 |
_aeng _beng _bara |
|
| 049 | _aDeposit | ||
| 097 | _aPh.D | ||
| 099 | _aCai01.12.05.Ph.D.1994.Ib.B. | ||
| 100 | 0 |
_aIbrahim Ahmed Helmy El-Garf, _epreparation. |
|
| 245 | 1 | 0 |
_aBiosystematichal and chemootaxonomical studies of the genus limonium in Egypt / _cBy Ibrahim Ahmed Helmy El-Garf, ; Supervised prof. Dr. M. N. El Hodidi, Prof. Dr. J. B. Harborne, Dr. Shohnoz Al wakeei |
| 246 | 1 | 5 | _aدراسات تصنيفية احيائية وتصنيفية كيميائية لانواع جنس ليمونيم في مصر |
| 264 | 0 | _c1994. | |
| 300 |
_a241 Leaves : _billustrations _c30 cm. + |
||
| 336 |
_2rda content _atext |
||
| 337 |
_2rdamedia _aUnmediated |
||
| 338 |
_2rdacarrier _avolume |
||
| 502 | _aThesis (M.Sc.)-Cairo University, 1994. | ||
| 504 | _aBibliography: pages 231-241 | ||
| 653 | 0 | _athe genus limonium in egypt | |
| 700 | 0 |
_aM. N. El Hodidi _ethesis advisor. |
|
| 700 | 0 |
_aJ. B. Harborne _ethesis advisor. |
|
| 700 | 0 |
_aShohnoz Al wakeei _ethesis advisor. |
|
| 900 |
_DDepartment of Botany _FFaculty of Science _UCairo University _b1994 _cM. N. El Hodidi _cJ. B. Harborne _cShohnoz Al wakeei |
||
| 905 |
_aNehad _eNourhan |
||
| 942 |
_2ddc _cTH _e21 _n0 |
||
| 999 | _c178860 | ||